000 00490nam a2200181Ia 4500
005 20260415160328.0
008 008 250505s9999 xx 000 0 eng d
037 _aTextual
040 _aFEDL
_beng
_cFEDL
041 _aeng
_2eng
084 _a916.2 BRO
_qFEDL
100 _aBrown Ivor
245 0 _aCurrent British thought no 1
260 _aLondon, UK
_bNicholas Kaya
_c1947
300 _a461p.
942 _cTEXL
_h916.2 BRO
999 _c1321715
_d1321715